| 000 -LEADER |
| fixed length control field |
00538nam a2200193Ia 4500 |
| 001 - CONTROL NUMBER |
| control field |
12384 |
| 003 - CONTROL NUMBER IDENTIFIER |
| control field |
GE_BSU |
| 008 - FIXED-LENGTH DATA ELEMENTS--GENERAL INFORMATION |
| fixed length control field |
181216s||||||||xx |||||||||||||| ||und|| |
| 040 ## - CATALOGING SOURCE |
| Transcribing agency |
GE_BSU |
| 080 ## - UNIVERSAL DECIMAL CLASSIFICATION NUMBER |
| Universal Decimal Classification number |
575.1(06) |
| 245 ## - TITLE STATEMENT |
| Title |
Успехи современной генетики |
| 245 ## - TITLE STATEMENT |
| Statement of responsibility, etc. |
Отв.ред. Н.П.Дубинин.Ред.Н.С.Демин |
| 260 ## - PUBLICATION, DISTRIBUTION, ETC. |
| Place of publication, distribution, etc. |
Москва |
| 260 ## - PUBLICATION, DISTRIBUTION, ETC. |
| Name of publisher, distributor, etc. |
Наука |
| 260 ## - PUBLICATION, DISTRIBUTION, ETC. |
| Date of publication, distribution, etc. |
1971 |
| 300 ## - PHYSICAL DESCRIPTION |
| Extent |
301стр.27см. |
| 653 ## - INDEX TERM--UNCONTROLLED |
| Uncontrolled term |
Успехи современной генетики |
| 942 ## - ADDED ENTRY ELEMENTS (KOHA) |
| Koha item type |
წიგნი |